Statistiques concernant Les plus gros partenaires commerciaux - Japon

Cliquez ici pour prendre le quiz!

Statistiques générales

  • Ce quiz a été pris 123 fois
  • Le résultat moyen est 19 sur 22

Statistiques - réponses

exportationsimportationspays% Correct
146 bil157 bilChine
100%
131 bil69,2 bilEtats-Unis
100%
10,2 bilFrance
100%
46,2 bil25,0 bilCorée du Sud
98%
9,2 bilCanada
97%
8,2 bilInde
97%
14,1 bil30,4 bilAustralie
96%
17,7 bil22,0 bilAllemagne
95%
11,3 bil18,2 bilIndonésie
94%
11,3 bilRussie
94%
13,0 bil16,2 bilViêt Nam
92%
13,7 bilRoyaume-Uni
90%
12,1 bil17,3 bilMalaisie
89%
39,3 bil23,0 bilTaïwan
89%
10,7 bilMexique
88%
19,8 bilSingapour
87%
27,4 bil20,1 bilThaïlande
85%
10,3 bilPhilippines
84%
19,6 bilArabie Saoudite
70%
17,3 bilÉmirats arabes unis
68%
11,8 bilPays-Bas
62%
10,9 bilQatar
55%

Distribution des résultats

Percentile par nombre de réponses

% des personnes avec chaque résultat

Votre développement - résultats

Vous n’avez pas pris ce quiz